Telecomunicaciones:tecnologías, redes y servicios (Registro nro. 18781)

Detalles MARC
000 -LEADER
fixed length control field 00605nam a22001931a 4500
001 - CONTROL NUMBER
control field 18781
003 - CONTROL NUMBER IDENTIFIER
control field OSt
005 - DATE AND TIME OF LATEST TRANSACTION
control field 20260204212421.0
008 - FIXED-LENGTH DATA ELEMENTS--GENERAL INFORMATION
fixed length control field 180901s2011||||ck ||||||b||||||||||spa||
020 ## - NUMERO DE LIBRO INTERNACIONAL NORMALIZADO
International Standard Book Number 9789588675633
082 ## - DEWEY DECIMAL CLASSIFICATION NUMBER
Classification number 621.382 H899t
100 ## - ASIENTO PRINCIPAL -- NOMBRE PERSONAL
Personal name Huidobro Maya,José Manuel
245 ## - TÍTULO PROPIAMENTE DICHO: SUBTÍTULO
Title Telecomunicaciones:tecnologías, redes y servicios
264 ## - PRODUCTION, PUBLICATION, DISTRIBUTION, MANUFACTURE, AND COPYRIGHT NOTICE
Place of production, publication, distribution, manufacture Bogotá:Ediciones de la U
300 ## - PHYSICAL DESCRIPTION
Extensión 415 p
500 ## - GENERAL NOTE
General note Incluye índice alfabético
650 ## - ASIENTO SECUNDARIO DE MATERIA -- TERMINO TEMÁTICO
Termino Temático Como Elemento de Entrada Mensajes y señales 2.Medios de transmisión 3.Tecnologías de comunicaciones 4.Redes fijas 5.Redes inalámbricasÌ
942 ## - ADDED ENTRY ELEMENTS (KOHA)
Source of classification or shelving scheme Dewey Decimal Classification
Koha item type Libros
Existencias
Withdrawn status Lost status Source of classification or shelving scheme Damaged status Not for loan Current library Date acquired Total Checkouts Full call number Barcode Date last seen Price effective from Koha item type
    Dewey Decimal Classification     Biblioteca UTECO 09/09/2019   621.382 H899T 018393 09/09/2019 09/09/2019 Libros
    Dewey Decimal Classification     Biblioteca UTECO 09/09/2019   621.382 H899T 018394 09/09/2019 09/09/2019 Libros
    Dewey Decimal Classification     Biblioteca UTECO 09/09/2019   621.382 H899T 018395 09/09/2019 09/09/2019 Libros
© 2021 Derechos Reservados UTECO - Teléfono: +1 809-585-2291 - Correo electrónico: biblioteca@uteco.edu.do​  
Código postal 43000 ​​
Dirección: Avenida Universitaria No. 100, 
Cotuí, Provincia Sánchez Ramírez, República Dominicana - RNC: 404-00059-6